| 000 | 01459nam2a2200241 4500 | ||
|---|---|---|---|
| 001 | RU\NLR\BIBL_A\011330612 | ||
| 005 | 20250626043805.0 | ||
| 010 |
_a978-5-389-11791-4 _915000 |
||
| 021 |
_aRU _b2017-3421 _9244 |
||
| 035 | _a(NLR Aleph) 011330612 | ||
| 090 |
_a11131911 _c11131911 |
||
| 100 | _a20170216d2016 |||y0rusy50 ca | ||
| 101 | 1 |
_arus _cswe |
|
| 102 | _aRU | ||
| 105 | _aa|||z|||000ay | ||
| 200 | 1 |
_aМаленькие тролли и большое наводнение _aКомета прилетает _aШляпа Волшебника _aМемуары папы Муми-тролля _aОпасное лето |
|
| 210 |
_d2016 _d(макет: 2017) _aБ. м. |
||
| 215 |
_a526, [1] с. _cил. |
||
| 461 | 0 |
_1001RU\NLR\BIBL_A\011347105 _12001#$aВсё о муми-троллях$e[повести-сказки$eдля среднего школьного возраста]$fТуве Янссон$g[перевод со шведского Нины Беляковой и др.]$gиллюстрации автора$vКн. 1 _1700#1$aЯнссон$bТ.$gТуве$f1914-2001$3RU\NLR\AUTH\7712828 _911224253 _aЯнссон, Т. (1914-2001) _cСанкт-Петербург [и др.] _d2016 _fТуве Янссон _nАзбука [и др.] _o[повести-сказки : для среднего школьного возраста] _tВсё о муми-троллях _vКн. 1 |
|
| 942 | _cBOOK | ||
| 980 | _aNB | ||